|
|
|
|
| LEADER |
00000nam0a2200000 4500 |
| 001 |
101800 |
| 005 |
20231031112741.0 |
| 020 |
|
|
|a RU
|b 85-7824
|
| 035 |
|
|
|a (RuTPU)RU\TPU\book\109778
|
| 090 |
|
|
|a 101800
|
| 100 |
|
|
|a 20060918d1984 km y0rusy5003 ca
|
| 101 |
0 |
|
|a rus
|
| 102 |
|
|
|a RU
|
| 105 |
|
|
|a a z 001zy
|
| 200 |
1 |
|
|a Международное руководство по методам расчета основных гидрологических характеристик
|f Гос. ком. СССР по гидрометеорологии и контролю природ. среды, Межвед. ком. СССР по междунар. гидрол. прогр.
|g сост. А. В. Рождественский
|
| 210 |
|
|
|a Ленинград
|c Гидрометеоиздат
|d 1984
|
| 215 |
|
|
|a 247 с.
|c граф., 1 л. граф.
|
| 610 |
1 |
|
|a гидрология
|
| 610 |
1 |
|
|a гидрологические наблюдения
|
| 610 |
1 |
|
|a гидрологические процессы
|
| 610 |
1 |
|
|a гидрологические расчеты
|
| 610 |
1 |
|
|a методы
|
| 610 |
1 |
|
|a стоки
|
| 610 |
1 |
|
|a стоки рек
|
| 610 |
1 |
|
|a наносы
|
| 675 |
|
|
|a 556.04(083)
|z rus
|
| 801 |
|
0 |
|a RU
|b RuMRKP
|c 19950704
|g psbo
|
| 801 |
|
1 |
|a RU
|b 63413507
|c 20060918
|g PSBO
|
| 801 |
|
2 |
|a RU
|b 63413507
|c 20061202
|g PSBO
|
| 942 |
|
|
|c BK
|